000
00399nam a2200133Ia 4500
008
100328s9999 xx 000 0 und d
082
_b
73548
100
_a
औरंगाबादकर अनुराधा
245
_a
गोंदणगप्पा.
260
_b
सायली.
630
_a
गोंदणगप्पा.
730
_a
गोंदणगप्पा.
942
_c
BOOK
999
_c
559269
_d
559266